000 01365aam a2200337 4500
001 20244
003 CO-MdFUSB
005 20231123141428.0
008 170310t20112006xxu||||f |||| 00| 0 eng d
020 _a978-0-8006-9836-2
040 _aCO-MdFUSB
_bspa
_cCO-MdFUSB
_dCO-MdFUSBC
_erda
041 _aeng
082 _224
_aG 230.41
_bL833m
100 1 _aLohse, Bernhard
_eautor
245 1 0 _aMartin Luther´s theology
_b: Its historical and systematic development
_c/ Bernhard Lohse ; Traducido y editado por Roy A. Harrisville
264 1 _aMinneapolis, Minnesota :
_bFortress Press,
_c℗2011
264 4 _c©2006
300 _axiv, 393 páginas
_b:
_c;
336 _2rdacontent
337 _2rdamedia
338 _2rdacarrier
500 _aTítulo original en alemán: Luthers Theologie in ihrer historischen Entwicklung und in ihrem systematischen Zusammenhang \ Incluye índices (p. 381-393)
501 _aIncluye indices (p. 381- 393)
504 _aBibliografía (p. 347- 380)
505 0 0 _aConsideraciones y presupiciones preliminares relativos a una descripción de la teología de Lutero - La teología de Lutero en su desarrollo histórico - La teología de Lutero en su contexto sistemático
563 _aRústico
650 0 _aTeología doctrinal
_xHistoria
_9159
942 _cBK
945 _aJTF-925
999 _c46595
_d46595